000 00482nam a2200157 a 4500
001 000044138
005 20201002045155.0
008 140519s2010 dr ac 000 0 spa d
020 _a9789945864724
040 _aDO-SdBNP
_bspa
_cBNPHU
245 0 0 _aReserva científica Las Neblinas.
246 1 2 _aTesoros de Las Neblinas
260 _aSanto Domingo, :
_bCEDAF,
_c2010.
300 _a11 p. :
_bil., retrs. ;
_c14 cm.
710 1 2 _aCentro para el Desarrollo Agropecuario y Forestal
_9519
999 _c43627
_d43627